000 00498nam a2200181 i 4500
001 bg
100 1 _aGLASSER, Dent L. S.
245 0 _aCrystallography and its applications /
_cDent L. S. Glasser.
260 _aNew York :
_bVan Nostrand Reinhold Co,
_c[1977].
300 _as. VII, 224 :
_brys., tab.
504 _a[Zawiera bibliogr. s. 211-214].
650 9 _aKrystalografia
040 _cBPK
041 _apol
080 _a548
942 _cKS
008 s pl f |000 0 pol
999 _c27799
_d27799
856 _uhttp://koha.tu.koszalin.pl/cgi-bin/koha/opac-detail.pl?biblionumber=27799
_yKatalog online BPK